|
|
|
|
| LEADER |
01249nam a2200277 a 4500 |
| 001 |
0017782 |
| 003 |
BD-DhAAL |
| 008 |
100112s2008 enk bq 001 0 eng d |
| 010 |
|
|
|a 2008011401
|
| 020 |
|
|
|a 9780230517615 (alk. paper)
|
| 020 |
|
|
|a 0230517617 (alk. paper)
|
| 040 |
|
|
|a DLC
|c DLC
|d BAKER
|d BWKUK
|d BWK
|d YDXCP
|d CDX
|d IXA
|d DLC
|d BD-DhAAL
|
| 082 |
0 |
0 |
|a 302.23/43
|2 22
|
| 100 |
1 |
|
|a McKiernan, D. W.,
|d 1945-
|9 58279
|
| 245 |
1 |
0 |
|a Cinema and community /
|c D.W. McKiernan.
|
| 260 |
|
|
|a Houndmills, Basingstoke, Hampshire [England] ;
|a New York :
|b Palgrave Macmillan,
|c 2008.
|
| 300 |
|
|
|a ix, 226 p. ;
|c 23 cm
|
| 504 |
|
|
|a Includes bibliographical references (pages 194-214) and index.
|
| 504 |
|
|
|a Includes filmography.
|
| 526 |
|
|
|a ENH
|x Sohana Manzoor
Faculty Member of BRAC University
|
| 541 |
1 |
|
|e 00017782
|a Karim International
|
| 650 |
|
0 |
|a Motion pictures
|x Social aspects.
|9 54958
|
| 852 |
4 |
|
|a Ayesha Abed Library
|c General Stacks
|
| 942 |
|
|
|2 ddc
|c BK
|
| 999 |
|
|
|c 6950
|d 6950
|
| 952 |
|
|
|0 0
|1 0
|2 ddc
|4 0
|6 302_234300000000000_MCK_2008
|7 0
|9 7185
|a BRACUL
|b BRACUL
|c GEN
|d 2010-01-13
|e Karim International
|g 4387.00
|l 2
|m 7
|o 302.2343 MCK
|p 3010017782
|r 2017-11-19
|s 2017-11-05
|t 1
|w 2010-01-13
|y BK
|x Requisitioned by Sohana Manzoor (Faculty member of BRAC University)
|